00443nam a2200193Ia 4500003000900000005001700009008004100026040001300067040001300080041000800093100001800101245007500119250001100194260000800205260000900213300001100222300001000233490000600243IT-RoPAU20220918175853.0120407s9999 xx 000 0 und d aIT-RoPAU cIT-RoPAU aita aMario Escobar aDonna del paradiso. Testimonianze letterarie a cura di M. Escobar. SEI aTorino aSei c1961 a401 p. c19 cm v1